Komputer dari logik ke seni bina (Record no. 60150)

MARC details
000 -LEADER
fixed length control field 00756nam a2200265 i 4500
001 - CONTROL NUMBER
control field C2-0246180
003 - CONTROL NUMBER IDENTIFIER
control field PPAK
005 - DATE AND TIME OF LATEST TRANSACTION
control field 20180727211009.0
008 - FIXED-LENGTH DATA ELEMENTS--GENERAL INFORMATION
fixed length control field 030322s2000 my |||| ||||| | may d
020 ## - INTERNATIONAL STANDARD BOOK NUMBER
International Standard Book Number 9835201323
040 ## - CATALOGING SOURCE
Original cataloging agency PPAK
Language of cataloging eng
Transcribing agency PPAK
Description conventions rda
082 04 - DEWEY DECIMAL CLASSIFICATION NUMBER
Classification number 004.22
Edition number 23
090 00 - LOCALLY ASSIGNED LC-TYPE CALL NUMBER (OCLC); LOCAL CALL NUMBER (RLIN)
Classification number (OCLC) (R) ; Classification number, CALL (RLIN) (NR) 004.22
Feature heading DOW
Feature heading G
100 1# - MAIN ENTRY--PERSONAL NAME
Personal name Dowsing, R.D.,
Relator term author
245 10 - TITLE STATEMENT
Title Komputer dari logik ke seni bina
264 #1 - PRODUCTION, PUBLICATION, DISTRIBUTION, MANUFACTURE, AND COPYRIGHT NOTICE
Place of production, publication, distribution, manufacture Skudai, Johor :
Name of producer, publisher, distributor, manufacturer Universiti Teknologi Malaysia ,
Date of production, publication, distribution, manufacture, or copyright notice 2000
300 ## - PHYSICAL DESCRIPTION
Extent x, 312 pages ;
Dimensions 24 cm
336 ## - CONTENT TYPE
Source rdacontent
Content type term text
337 ## - MEDIA TYPE
Source rdamedia
Media type term unmediated
338 ## - CARRIER TYPE
Source rdacarrier
Carrier type term volume
500 ## - GENERAL NOTE
General note Judul asal : Computers : from logic to architecture
650 10 - SUBJECT ADDED ENTRY--TOPICAL TERM
Topical term or geographic name entry element Computer architecture
700 ## - ADDED ENTRY--PERSONAL NAME
Relator term author
942 ## - ADDED ENTRY ELEMENTS (KOHA)
-- dc
Koha item type Book
Holdings
Withdrawn Not for loan Current library Shelving location Date acquired Full call number Barcode Date last seen Koha item type
    Perpustakaan Baling Pinjaman Dewasa 31/03/2003 004.22 DOW A01023733 08/05/2018 Book
    Perpustakaan Baling Pinjaman Dewasa 31/03/2003 004.22 DOW A01023732 08/05/2018 Book